000 00694cam a2200193 4500
001 6609
010 _a 00440271
020 _a0195663187
100 1 _aBeteille, Andre.
245 1 0 _aAntinomies of society :
_bessays on ideologies and institutions /
_cAndre Beteille.
260 _aNew Delhi ;
_aNew York :
_bOxford University Press,
_c2000.
300 _a296 p. ;
_c22 cm.
504 _aIncludes bibliographical references and indexes.
520 _aCollection of papers on institutions, civil society, and democracy in India.
650 0 _aSocial structure
_zIndia.
650 0 _aSocial values.
651 0 _aIndia
_xPolitics and government
_y1977-
651 0 _aIndia
_xSocial conditions
_y1947-
999 _c5559
_d5559